NLSUI OPAC header image

South Asia power politics and politics.Vol.I : Studies in poliltical identity and regional resurgence (Record no. 13196)

MARC details
000 -LEADER
fixed length control field 00520nam a2200157Ia 4500
008 - FIXED-LENGTH DATA ELEMENTS--GENERAL INFORMATION
fixed length control field 160316s1998 xxu||||| |||| 00| 0 eng d
082 ## - DEWEY DECIMAL CLASSIFICATION NUMBER
Classification number 320.950000
Item number PRA-I
100 ## - MAIN ENTRY--PERSONAL NAME
Personal name Prajpati Vishnu
245 ## - TITLE STATEMENT
Title South Asia power politics and politics.Vol.I : Studies in poliltical identity and regional resurgence
250 ## - EDITION STATEMENT
Edition statement
260 ## - PUBLICATION, DISTRIBUTION, ETC.
Place of publication, distribution, etc. New Delhi
Name of publisher, distributor, etc. Commonwealth Publishers
Date of publication, distribution, etc. 1998
300 ## - PHYSICAL DESCRIPTION
Extent 304p
Other physical details 304p*
Dimensions
365 ## - TRADE PRICE
Price amount 1800/- Set*
650 ## - SUBJECT ADDED ENTRY--TOPICAL TERM
Topical term or geographic name entry element 1.Political Situation - South Asia - Politics - Government
700 ## - ADDED ENTRY--PERSONAL NAME
Personal name
--
Holdings
Withdrawn status Lost status Damaged status Not for loan Home library Current library Shelving location Date acquired Cost, normal purchase price Total Checkouts Full call number Barcode Date last seen Price effective from Koha item type Public note
        . . NAB Compactor 30.05.2017 1800.00   320.95 PRA-I 13553 30.05.2017 30.05.2017 BOOKs Price for the entire Set